Vista normal
Vista MARC
- Niños sordos
Entrada Materia
Número de registros utilizados en: 4
001 - NÚMERO DE CONTROL
- campo de control: 438
003 - IDENTIFICADOR DEL NÚMERO DE CONTROL
- campo de control: ES-MaFIAP
005 - FECHA Y HORA DE LA ÚLTIMA TRANSACCIÓN
- campo de control: 20220928115657.0
008 - DATOS DE LONGITUD FIJA
- campo de control de longitud fija: 220928|| aca||aabn | a|a d
040 ## - FUENTE DE LA CATALOGACIÓN
- Centro catalogador/agencia de origen: ES-MaFIAP
- Centro/agencia transcriptor: ES-MaFIAP
150 ## - ENCABEZAMIENTO--TÉRMINO DE MATERIA
- Término de materia o nombre geográfico como elemento de entrada: Niños sordos
- Subdivisión general: Relaciones familiares
670 ## - FUENTE DE DATOS ENCONTRADOS
- Cita de la fuente: Work cat.: (ES-MaFIAP)140: La comunicación entre madres oyentes y niños/as con sordera de 1 a 7 años de edad [Texto impreso] :, [2008]





